|
|
|
|
| LEADER |
00000nam a2200000 a 4500 |
| 001 |
UCU3908 |
| 003 |
CL-VaPUC |
| 008 |
960510e19600000NE |||||||||||||||||eng|d |
| 082 |
0 |
4 |
|a 546
|b HES
|2 21
|
| 100 |
0 |
|
|a Heslop, R. B
|e author
|9 361121
|
| 700 |
0 |
|
|a Robinson, Percy Lucock
|e author
|9 361122
|
| 245 |
1 |
0 |
|a Inorganic chemistry: a guide to advanced study
|
| 300 |
|
|
|a 555 p
|
| 942 |
|
|
|c BK
|
| 945 |
|
|
|d 19960510 00:00:00
|a lriquelm
|
| 260 |
|
|
|a Amsterdam
|b Elsevier
|c 1960
|
| 650 |
|
0 |
|a Química
|9 259896
|
| 650 |
|
0 |
|a Química inorgánica
|9 260154
|
| 650 |
|
0 |
|a Átomos
|9 259583
|
| 650 |
|
0 |
|a Estructura atómica
|9 259944
|
| 650 |
|
0 |
|a Termoquímica
|9 337401
|
| 650 |
|
0 |
|a Gases
|9 260945
|
| 650 |
|
7 |
|a HALOGENOS
|2 CL-VaPUC
|9 360916
|
| 650 |
|
7 |
|a PRODUCTOS QUIMICOS INORGANICOS
|2 CL-VaPUC
|9 344421
|
| 583 |
|
|
|a last modification
|c 19960510 00:00:00
|k Rodrigo Vera
|
| 999 |
|
|
|c 247765
|d 247763
|